|
|
|
|
| LEADER |
01391nam a2200289 a 4500 |
| 001 |
GR-MES13304 |
| 008 |
071004s gr b 000 0 gre d |
| 020 |
|
|
|a 1892769301
|
| 040 |
|
|
|a GrPaTEI
|b gre
|c GR-PaULI
|
| 040 |
|
|
|a GrPaTEI
|b gre
|c GR-PaULI
|
| 082 |
|
0 |
|a 570.151 95
|2 21
|
| 100 |
1 |
|
|a Cundiff, John S.
|
| 245 |
1 |
0 |
|a Dynamics of biological systems /
|c John S. Cundiff, Kyle R. Mankin.
|
| 260 |
|
|
|a [St. Joseph, Michigan] :
|b American society of agricultural engineers,
|c c2003
|
| 300 |
|
|
|a 1τ. (ποικίλες σελιδαριθμήσεις) :
|b εικ. ;
|c 30εκ.
|
| 504 |
|
|
|a Περιλαμβάνει βιβλιογραφικές παραπομπές
|
| 505 |
1 |
|
|a Contents: 1. Introduction to dynamics of biological systems
|a 2. Dynamics of microbial systems
|a 3. Dynamics of plant systems
|a 4. Dynamics of animal systems
|
| 650 |
|
0 |
|a Biological systems
|x Mathematical models
|
| 650 |
|
4 |
|a Βιολογία
|
| 650 |
|
4 |
|a Βιομετρία
|
| 650 |
|
4 |
|a Δυναμικά συστήματα
|
| 650 |
|
4 |
|a Μαθηματική στατιστική
|
| 700 |
1 |
|
|a Mankin, Kyle R.
|
| 942 |
|
|
|2 ddc
|
| 952 |
|
|
|0 0
|1 0
|2 ddc
|4 0
|6 570_151000000000000_95_CUN
|7 0
|9 271812
|a MSLG
|b MSLG
|c BSC
|d 2021-01-17
|e 24
|f 0
|g 0.00
|l 0
|o 570.151 95 CUN
|p 2420000022169
|r 2021-01-17 00:00:00
|t 1
|w 2021-01-17
|y BK15
|x 20071004 0 ΓΑΒΡΙΝΑ 1
|x GrPaTEI
|
| 971 |
|
|
|a .b25793524
|b 15-04-20
|c 13-09-16
|
| 999 |
|
|
|c 157082
|d 157082
|